000 00344 a2200169 4500
001 173919
020 _a
040 _cMagnum
100 _aSchettino, Lacyr
240 1 0 _aA gatinha bonifácia
_lpor
245 1 0 _aA gatinha bonifácia
300 _a12
362 0 _a1988
440 1 _aRHJ
697 _aLITERATURA INFANTIL
942 _cBK
999 _c173919
_d173919